Normal view
MARC view
- OIL STORAGE TANK PETROLEUM PRODUCTS UNDERGROUND STORAGE TANK STORAGE SYSTEMS-UNDERGROUND
Entry Topical Term
001 - CONTROL NUMBER
- control field: 56915
003 - CONTROL NUMBER IDENTIFIER
- control field: NUST
005 - DATE AND TIME OF LATEST TRANSACTION
- control field: 20210628201816.0
008 - FIXED-LENGTH DATA ELEMENTS
- fixed length control field: 210628|| aca||aabn | a|a d
040 ## - CATALOGING SOURCE
- Original cataloging agency: NUST
- Transcribing agency: NUST
150 ## - HEADING--TOPICAL TERM
- Topical term or geographic name entry element: OIL STORAGE TANK PETROLEUM PRODUCTS UNDERGROUND STORAGE TANK STORAGE SYSTEMS-UNDERGROUND
670 ## - SOURCE DATA FOUND
- Source citation: Work cat.: (NUST): Hartmann, John P 56914, Technology of underground liquid storage tank systems, 1997
